01290cam a2200313 i 45000010009000000050017000090080041000260100017000670200042000840200039001260400028001650420008001930820022002011000027002232450035002502600069002853000021003544900042003755000024004175040041004415050234004825900011007166500027007276510010007546530024007649420026007889990017008149520145008311848546520201128023932.0150209s2015 nyu frb 001 0 eng d a 2015003256 a9781138792012 (hardback : alk. paper) a1138792012 (hardback : alk. paper) aDLCbengcDLCdEG-ScBUE apcc04222a657.4501bDEN1 aDennis, Ian‏.94159910aAuditing theory /cIan Dennis. aNew York ;aOxford :bRoutledge / Taylor & Francis Group,c2015. a158 p. ;c24 cm. 0aRoutledge studies in accounting ;v17 aIndex : p. 155-158. aIncludes bibliographical references. a1. The nature of auditing theory and of conceptual frameworks in auditing -- 2. The objectives of auditing -- 3. The audit opinion -- 4. Audit evidence -- 5. Materiality -- 6. Professional judgement in auditing -- 7. Conclusions. aWessam 7aAuditing.2BUEsh91182 2BUEsh bBUSADMcOctober2016 2ddce22k657.4501 DEN c22808d22780 00102ddc40708BaccahaMAINbMAINc1STd2016-10-24ePurchaseg1425.00h25846l0o657.4501 DENp000033959r2025-07-15 00:00:00v1781.25yBB